000 00674nam a22002177a 4500
005 20251108173527.0
008 250721s1988 xx 000 0 ara d
082 1 4 _aط/211.81/محا
100 1 _aالمحامي، محمد كامل
245 1 0 _aموت النبي /
264 1 _aبيروت :
_bمنشورات المكتب العالمي،
_c1988.
300 _a110ص.
490 0 _aقصص من القرآن الكريم
650 1 7 _aقصص القرآن
650 1 7 _aالأنبياء
650 1 7 _aوفاة النبي
653 _aناشئون صعار (10-14) سنة
700 1 _aنويهض، عادل
_eمراجع
942 _2ddc
_cBK
999 _c106032
_d106032